<?xml version="1.0" encoding="UTF-8"?>
<record
    xmlns:xsi="http://www.w3.org/2001/XMLSchema-instance"
    xsi:schemaLocation="http://www.loc.gov/MARC21/slim http://www.loc.gov/standards/marcxml/schema/MARC21slim.xsd"
    xmlns="http://www.loc.gov/MARC21/slim">

  <leader>00512    a2200169   4500</leader>
  <datafield tag="040" ind1=" " ind2=" ">
    <subfield code="a">ULA-LD-MS</subfield>
  </datafield>
  <datafield tag="082" ind1=" " ind2=" ">
    <subfield code="b">043.2/SIL/I 658.3/SIL/I</subfield>
    <subfield code="m">3</subfield>
  </datafield>
  <datafield tag="100" ind1=" " ind2=" ">
    <subfield code="9">1059</subfield>
    <subfield code="a">SILVA, Yara Isabel Magalh&#xE3;es da</subfield>
  </datafield>
  <datafield tag="245" ind1=" " ind2=" ">
    <subfield code="a">A Importancia da seguran&#x227;, higiene e sad&#x360;e no trabalho, na empresa Texeira Duarte</subfield>
  </datafield>
  <datafield tag="250" ind1=" " ind2=" ">
    <subfield code="a">1&#xAA; Edi&#xE7;&#xE3;o</subfield>
  </datafield>
  <datafield tag="260" ind1=" " ind2=" ">
    <subfield code="c">Luanda 2023</subfield>
  </datafield>
  <datafield tag="300" ind1=" " ind2=" ">
    <subfield code="a">101p.</subfield>
  </datafield>
  <datafield tag="600" ind1=" " ind2="0">
    <subfield code="a">SILVA, Yara Isabel Magalh&#xE3;es da</subfield>
  </datafield>
  <datafield tag="650" ind1=" " ind2=" ">
    <subfield code="a">Recursos Humanos</subfield>
  </datafield>
  <datafield tag="700" ind1=" " ind2=" ">
    <subfield code="a">Yara Isabel Magalh&#xE3;es da Silva</subfield>
  </datafield>
  <datafield tag="942" ind1=" " ind2=" ">
    <subfield code="c">TFC</subfield>
  </datafield>
  <datafield tag="999" ind1=" " ind2=" ">
    <subfield code="c">2237</subfield>
    <subfield code="d">2237</subfield>
  </datafield>
  <datafield tag="952" ind1=" " ind2=" ">
    <subfield code="0">0</subfield>
    <subfield code="1">0</subfield>
    <subfield code="2">ddc</subfield>
    <subfield code="4">0</subfield>
    <subfield code="7">0</subfield>
    <subfield code="a">ULA-LD-MS</subfield>
    <subfield code="b">ULA-LD-MS</subfield>
    <subfield code="d">2026-04-24</subfield>
    <subfield code="l">0</subfield>
    <subfield code="o">043.2/SIL/I 658.3/SIL/I</subfield>
    <subfield code="r">2026-04-24</subfield>
    <subfield code="w">2026-04-24</subfield>
    <subfield code="y">TFC</subfield>
  </datafield>
  <datafield tag="952" ind1=" " ind2=" ">
    <subfield code="0">0</subfield>
    <subfield code="1">0</subfield>
    <subfield code="2">ddc</subfield>
    <subfield code="4">0</subfield>
    <subfield code="7">0</subfield>
    <subfield code="a">ULA-LD-MS</subfield>
    <subfield code="b">ULA-LD-MS</subfield>
    <subfield code="d">2026-04-24</subfield>
    <subfield code="l">0</subfield>
    <subfield code="o">043.2/SIL/I 658.3/SIL/I</subfield>
    <subfield code="r">2026-04-24</subfield>
    <subfield code="w">2026-04-24</subfield>
    <subfield code="y">TFC</subfield>
  </datafield>
</record>
